00309nam a2200121Ia 4500008004100000041000800041082001600049100001600065245004500081260003300126300001900159365000900178240624s9999 xx 000 0 und d aeng a650.14 YAT  aYATE MARTIN aKNOCK EM DEAD THE ULTIMATE JOB SEARCH GU c2016aNew DelhibAdams Media a384 p.; 23 cm. cb38